| 000 | 00634nam a22002057a 4500 | ||
|---|---|---|---|
| 003 | BD-DhJNU | ||
| 005 | 20250224050326.0 | ||
| 008 | 250224b |||||||| |||| 00| 0 eng d | ||
| 020 | _a053403053X | ||
| 040 |
_aBD-DhJNU _bENG _cBD-DhJNU _dBD-DhJNU |
||
| 082 |
_223 _a001.6443 |
||
| 100 | _aDemel, John T. | ||
| 245 |
_aIntroduction to computer graphics / _cJohn T. Demel and Michael J. Miller |
||
| 260 |
_aBoston : _bPWS Publishers, _c1984. |
||
| 300 |
_axi, 427 p. : _bill. ; _c24 cm. |
||
| 504 | _aincludes bibliographical reference and index | ||
| 650 | _aComputer graphics | ||
| 700 | _a Miller, Michael J. | ||
| 942 |
_2ddc _cBK _n0 |
||
| 999 |
_c1378 _d1378 |
||